[Event "2BLN 1819 SV Lingen - SF Berlin II"]
[Site "?"]
[Date "2019.03.24"]
[Round "10.3"]
[White "Polzin, Rainer"]
[Black "Ivanisevic, Ivan"]
[Result "1/2-1/2"]
[WhiteElo "2412"]
[BlackElo "2616"]
[PlyCount "102"]
[EventDate "2019.??.??"]

1. e4 c5 2. Nc3 Nc6 3. Bb5 Nd4 4. Bc4 e6 5. Nf3 a6 6. d3 b5 7. Bb3 Nxb3 8. axb3
Bb7 9. O-O Ne7 10. Bf4 Ng6 11. Bg3 Be7 12. d4 O-O 13. dxc5 b4 14. Na4 Bxe4 15.
Ne5 Nxe5 16. Bxe5 f6 17. Bf4 Qe8 18. f3 Bc6 19. Bd6 Bb5 20. Rf2 Rc8 21. Qd4
Bxd6 22. Qxd6 Qh5 23. Qd4 a5 24. g4 Qe5 25. Qxe5 fxe5 26. Nb6 Rxc5 27. Rxa5 d6
28. c4 bxc3 29. bxc3 Rb8 30. Na4 Rd5 31. Nb2 Be8 32. Ra3 Bg6 33. Kf1 h5 34. h3
hxg4 35. hxg4 e4 36. Ke2 exf3+ 37. Rxf3 Rg5 38. Rf4 e5 39. Rfa4 Kh7 40. Nd1 Bf7
41. Ne3 Rxb3 42. Rxb3 Bxb3 43. Ra8 Be6 44. Rd8 d5 45. Kf3 Kg6 46. Nxd5 Bxg4+
47. Ke4 Kf7 48. c4 Bh3 49. Ne3 Ke7 50. Rb8 Bd7 51. Rb6 Rh5 1/2-1/2

[Event "2BLN 1819 SV Lingen - SF Berlin II"]
[Site "?"]
[Date "2019.03.24"]
[Round "10.4"]
[White "Epishin, Vladimir"]
[Black "Florstedt, Johannes"]
[Result "1-0"]
[WhiteElo "2568"]
[BlackElo "2337"]
[PlyCount "99"]
[EventDate "2019.??.??"]

1. d4 Nf6 2. Bg5 d5 3. Nd2 c5 4. dxc5 e6 5. e3 Bxc5 6. Bd3 Nc6 7. Ngf3 e5 8.
Bb5 Bd6 9. c4 a6 10. Ba4 dxc4 11. Bxc6+ bxc6 12. O-O Be6 13. Qc2 Bc7 14. Rac1
Qd3 15. Qxd3 cxd3 16. Rxc6 Ba5 17. e4 Nd7 18. Nc4 Bxc4 19. Rxc4 f6 20. Be3 Ke7
21. b4 Bb6 22. Bxb6 Nxb6 23. Rc7+ Nd7 24. Rc3 Rhb8 25. Rb1 a5 26. b5 a4 27.
Rxd3 Ra5 28. Rd5 Nb6 29. Rc5 Nd7 30. Rc7 Raxb5 31. Rd1 Rd8 32. g3 Rb4 33. Nh4
g6 34. f3 Rd4 35. Rxd4 exd4 36. Ra7 Kd6 37. Rxa4 Kc5 38. Ra5+ Kb4 39. Rd5 Kc3
40. f4 Kd3 41. Rd6 Kxe4 42. Kf2 g5 43. Nf3 gxf4 44. g4 Ne5 45. Nd2+ Kd3 46.
Rxd8 Nxg4+ 47. Ke1 Nxh2 48. a4 f3 49. a5 f2+ 50. Kxf2 1-0

[Event "2BLN 1819 SV Lingen - SF Berlin II"]
[Site "?"]
[Date "2019.03.24"]
[Round "10.5"]
[White "Rudolf, Henrik"]
[Black "Milanovic, Danilo"]
[Result "1/2-1/2"]
[WhiteElo "2300"]
[BlackElo "2493"]
[PlyCount "92"]
[EventDate "2019.??.??"]

1. e4 d5 2. exd5 Qxd5 3. Nc3 Qd6 4. d4 Nf6 5. Nf3 c6 6. Ne5 Be6 7. Be2 g6 8. h4
Bg7 9. Bf4 Qd8 10. h5 gxh5 11. Qd2 Nbd7 12. O-O-O Qa5 13. Nc4 Bxc4 14. Bxc4 e6
15. Qe1 O-O 16. Kb1 Rfe8 17. Be5 b5 18. Bd3 b4 19. Ne4 Nxe5 20. Nxf6+ Bxf6 21.
dxe5 Qxe5 22. Qxe5 Bxe5 23. Rxh5 Bf6 24. Bxh7+ Kf8 25. Be4 Rad8 26. Rd3 Rxd3
27. cxd3 Rd8 28. f4 Ke7 29. g4 Bd4 30. f5 exf5 31. gxf5 c5 32. Kc2 Rg8 33. Kb3
Rg1 34. Rh2 Kf6 35. a3 bxa3 36. Kxa3 Ke5 37. Kb3 Rc1 38. Re2 f6 39. Ka2 Kf4 40.
Kb3 a5 41. Ka4 Ra1+ 42. Kb5 a4 43. Rc2 Ke3 44. Rh2 Kf4 45. Rc2 Ra2 46. Bd5 Ra1
1/2-1/2

[Event "2BLN 1819 SV Lingen - SF Berlin II"]
[Site "?"]
[Date "2019.03.24"]
[Round "10.6"]
[White "Levin, Felix"]
[Black "Nogly, Christoph"]
[Result "1-0"]
[WhiteElo "2486"]
[BlackElo "2233"]
[PlyCount "49"]
[EventDate "2019.??.??"]

1. d4 Nf6 2. Nf3 d5 3. c4 e6 4. e3 a6 5. Nc3 Nbd7 6. b3 b6 7. Bd3 Bb7 8. O-O
Bd6 9. Bb2 O-O 10. Qc2 c5 11. cxd5 exd5 12. Rfd1 Rc8 13. Qe2 cxd4 14. Nxd4 Nc5
15. Bf5 Rc7 16. b4 Nce4 17. Nxe4 dxe4 18. b5 a5 19. Bh3 g6 20. Rac1 Rxc1 21.
Rxc1 Nd7 22. Ne6 fxe6 23. Bxe6+ Rf7 24. Qc4 Qe7 25. Rd1 1-0

[Event "2BLN 1819 SV Lingen - SF Berlin II"]
[Site "?"]
[Date "2019.03.24"]
[Round "10.7"]
[White "Lundin, Jan"]
[Black "Greenfeld, Alon"]
[Result "0-1"]
[WhiteElo "2318"]
[BlackElo "2516"]
[PlyCount "66"]
[EventDate "2019.??.??"]

1. e4 c5 2. Nf3 d6 3. d4 cxd4 4. Nxd4 Nf6 5. Nc3 Nc6 6. Nb3 e6 7. g3 b6 8. f4
Bb7 9. Bg2 Be7 10. Be3 O-O 11. g4 d5 12. e5 Nd7 13. O-O Bc5 14. Bf2 Ba6 15.
Nxc5 bxc5 16. Re1 Qa5 17. Nxd5 exd5 18. Qxd5 Nb4 19. Qxd7 Rad8 20. Qxa7 Nxc2
21. Qxc5 Qd2 22. Be3 Qd3 23. Bf1 Qg6 24. Bh3 Bd3 25. Rad1 Nxe1 26. Rxe1 Bf5 27.
Qb6 Be6 28. Rf1 Rb8 29. Qa6 Qe4 30. Qe2 Rxb2 31. Qxb2 Qxe3+ 32. Qf2 Qxh3 33. f5
Qxg4+ 0-1

[Event "2BLN 1819 SV Lingen - SF Berlin II"]
[Site "?"]
[Date "2019.03.24"]
[Round "10.8"]
[White "Gutman, Lev"]
[Black "de Wiljes, Jan-Hendrik"]
[Result "1-0"]
[WhiteElo "2403"]
[BlackElo "2333"]
[PlyCount "31"]
[EventDate "2019.??.??"]

1. Nf3 d5 2. g3 g6 3. Bg2 Bg7 4. d4 Nf6 5. O-O O-O 6. Bf4 c6 7. Qc1 Re8 8. c4
Bf5 9. Na3 Be4 10. cxd5 Nxd5 11. Bh6 Bh8 12. Rd1 Qc8 13. Nc4 Nf6 14. Nce5 Nbd7
15. Bh3 Bd5 16. Ng5 1-0